Pétain: mariscal de Francia
Saved in:
| 主要作者: | |
|---|---|
| 格式: | 圖書 |
| 語言: | 西班牙语 |
| 出版: |
Barcelona
Viena
2000
|
| 叢編: | Biografías
|
| 主題: | |
| 標簽: |
添加標簽
沒有標簽, 成為第一個標記此記錄!
|
MARC
| LEADER | 00000nam a2200000 a 4500 | ||
|---|---|---|---|
| 001 | UCN7857 | ||
| 003 | CL-VaPUC | ||
| 008 | 011026e20000000SP |||||||||||||||||spa|d | ||
| 082 | 0 | 4 | |a 923.5 |b PLA |2 21 |
| 100 | 0 | |a Planells, Antonio J |e author |9 464031 | |
| 245 | 1 | 0 | |a Pétain: mariscal de Francia |
| 300 | |a 1079 p | ||
| 942 | |c BK | ||
| 945 | |d 20011026 00:00:00 |a cmena | ||
| 260 | |a Barcelona |b Viena |c 2000 | ||
| 600 | 0 | 7 | |a PETAIN, PHILIPPE |2 CL-VaPUC |9 464032 |
| 650 | 7 | |a MILITARES - BIOGRAFIAS |2 CL-VaPUC |9 464033 | |
| 650 | 7 | |a HISTORIA FRANCESA |2 CL-VaPUC |9 333793 | |
| 650 | 7 | |a HISTORIA POLITICA FRANCESA |2 CL-VaPUC |9 464034 | |
| 583 | |a last modification |c 20011026 00:00:00 |k Rodrigo Vera | ||
| 490 | 0 | |a Biografías | |
| 999 | |c 298050 |d 298048 | ||
| 952 | |0 0 |1 0 |4 0 |6 923_500000000000000_PLA_2000 |7 0 |8 A |9 353381 |a BIBHIS |b BIBHIS |d 2019-11-21 |i 3765172 |o 923.5 PLA 2000 |p 3765172 |r 2025-01-20 |w 2019-11-21 |y BK |k HIS | ||